Cross-cultural Dimension of Clusters in Creative Industry
Kreatívne odvetvia sú siete odborníkov v oblasti kultúry. Napriek podujatiam, konzultáciám a publikáciám spolupracujú so zákonodarcami, aby pomohli svojim národom, mestám a regiónom spĺňať výzvy kreatívneho priemyslu. Zameranie na určenie kreatívnych odvetví.
Enregistré dans:
| Auteur principal: | |
|---|---|
| Format: | Chapitre de livre |
| Langue: | anglais |
| Sujets: | |
| Tags: |
Pas de tags, Soyez le premier à ajouter un tag!
|
MARC
| LEADER | 00000naa$a2200000$$$4500 | ||
|---|---|---|---|
| 001 | 0306342 | ||
| 005 | 20250122093219.0 | ||
| 041 | 0 | |a eng | |
| 044 | |a CZ | ||
| 245 | 1 | 0 | |a Cross-cultural Dimension of Clusters in Creative Industry |c Denisa Gajdová |
| 520 | |a Kreatívne odvetvia sú siete odborníkov v oblasti kultúry. Napriek podujatiam, konzultáciám a publikáciám spolupracujú so zákonodarcami, aby pomohli svojim národom, mestám a regiónom spĺňať výzvy kreatívneho priemyslu. Zameranie na určenie kreatívnych odvetví. | ||
| 610 | 2 | 0 | |a inovácie technologické |
| 610 | 2 | 0 | |a inovácie sociálne |
| 610 | 2 | 0 | |a kultúra |
| 610 | 2 | 0 | |a priemysel kreatívny |
| 610 | 2 | 0 | |a priemysel kultúrny |
| 610 | 2 | 0 | |a priemysel umelecký |
| 100 | 1 | |a Gajdová, Denisa, 1977- | |